<?xml version="1.0" encoding="UTF-8"?>
<record
    xmlns:xsi="http://www.w3.org/2001/XMLSchema-instance"
    xsi:schemaLocation="http://www.loc.gov/MARC21/slim http://www.loc.gov/standards/marcxml/schema/MARC21slim.xsd"
    xmlns="http://www.loc.gov/MARC21/slim">

  <leader>02144nam a22001817a 4500</leader>
  <controlfield tag="008">111125t        xxu||||| |||| 00| 0 eng d</controlfield>
  <datafield tag="020" ind1=" " ind2=" ">
    <subfield code="a">0262030519</subfield>
  </datafield>
  <datafield tag="050" ind1=" " ind2=" ">
    <subfield code="a">HB141.C37</subfield>
  </datafield>
  <datafield tag="245" ind1=" " ind2=" ">
    <subfield code="a">Selected readings in macroeconomics and capital theory /</subfield>
    <subfield code="c">edited by David Cass and Lionel W. Mckenzie</subfield>
  </datafield>
  <datafield tag="260" ind1=" " ind2=" ">
    <subfield code="a">Cambridge:</subfield>
    <subfield code="b">The MIT Press,</subfield>
    <subfield code="c">c1974.</subfield>
  </datafield>
  <datafield tag="300" ind1=" " ind2=" ">
    <subfield code="a">516 p.:</subfield>
    <subfield code="b">ill.;</subfield>
    <subfield code="c">23cm.</subfield>
  </datafield>
  <datafield tag="500" ind1=" " ind2=" ">
    <subfield code="a">Includes index.</subfield>
  </datafield>
  <datafield tag="505" ind1=" " ind2=" ">
    <subfield code="a">Contents: A Macrodynamic theory of business cycles -- The Summation of random causes as the source of cyclic processes -- Mr Keynes and the classics: A Suggested interpretation -- Money and the theory of assets -- Process analysis and equlibrium analysis -- Liquidity preference and the theory of interest and money -- Multiplier effects of a balanced budget -- Capital expansion, rate of growth, and employment -- Macroeconomics and the theory of rational behaviour -- Sur la possibilite de construction de certains macromodels -- Note: Some conditions of macroeconomic stability -- A Multiple-region theory of income and trade -- The Nonlinear accelerator and the persistence of business cycles -- The Rate of interest -- Capital accumulation and the efficient allocation of resources -- Balanced growth under constant returns to scale -- A Generalization of the von Neuman model of an expanding economy -- A Model explaining the pareto distribution of wealth -- Comparative valuation in a dynamic input-output system -- Substitution versus fixed production coefficients in the theory of economic growth -- Rational expectations and the theory of price movements -- Buffer stocks, sales expectations and stability: A multi-sector analysis of the inventory cycle -- The Accumulation of risky capital: A sequential utility analysis -- Turnpike theorems for a generalized leontief model -- Persisistence of continual growth near the von Neuman Ray: A strong version of the Radner Turnpike theorem -- Money and economic growth -- Optimum growth in an aggregative model of capital accumulation: A Turnpike theorem.</subfield>
  </datafield>
  <datafield tag="650" ind1=" " ind2=" ">
    <subfield code="a">Macroeconomics</subfield>
  </datafield>
  <datafield tag="700" ind1=" " ind2=" ">
    <subfield code="a">Cass, David</subfield>
  </datafield>
  <datafield tag="700" ind1=" " ind2=" ">
    <subfield code="a">Mckenzie, Lionel W.</subfield>
  </datafield>
  <datafield tag="942" ind1=" " ind2=" ">
    <subfield code="2">lcc</subfield>
    <subfield code="c">BK</subfield>
  </datafield>
  <datafield tag="999" ind1=" " ind2=" ">
    <subfield code="c">309</subfield>
    <subfield code="d">7809</subfield>
  </datafield>
  <datafield tag="952" ind1=" " ind2=" ">
    <subfield code="0">0</subfield>
    <subfield code="1">0</subfield>
    <subfield code="2">lcc</subfield>
    <subfield code="4">0</subfield>
    <subfield code="7">0</subfield>
    <subfield code="a">WIUC-1</subfield>
    <subfield code="b">WIUC-1</subfield>
    <subfield code="c">GEN</subfield>
    <subfield code="d">2011-11-25</subfield>
    <subfield code="l">0</subfield>
    <subfield code="o">HB141.C37</subfield>
    <subfield code="p">840/11</subfield>
    <subfield code="r">2011-11-25 00:00:00</subfield>
    <subfield code="w">2011-11-25</subfield>
    <subfield code="y">BK</subfield>
  </datafield>
</record>
